STRATEGIC MANAGEMENT: FORMULATION, IMPLEMENTATION AND CONTROL (Record no. 61187)

MARC details
000 -LEADER
fixed length control field 00533nam a2200205Ia 4500
003 - CONTROL NUMBER IDENTIFIER
control field OSt
005 - DATE AND TIME OF LATEST TRANSACTION
control field 20251204110526.0
020 ## - INTERNATIONAL STANDARD BOOK NUMBER
International Standard Book Number 978-0-07-110719-8
040 ## - CATALOGING SOURCE
Transcribing agency LC
050 ## - LIBRARY OF CONGRESS CALL NUMBER
Classification number HD30.28 .P 43 2007
Item number 1
100 ## - MAIN ENTRY--PERSONAL NAME
Personal name PEARCE JOHN A.
245 #0 - TITLE STATEMENT
Title STRATEGIC MANAGEMENT: FORMULATION, IMPLEMENTATION AND CONTROL
250 ## - EDITION STATEMENT
Edition statement 10
260 ## - PUBLICATION, DISTRIBUTION, ETC.
Place of publication, distribution, etc. BOSTON,
Name of publisher, distributor, etc. McGRAW-HILL IRWIN,
Date of publication, distribution, etc. 2007,
300 ## - PHYSICAL DESCRIPTION
Extent XXiX, 426 P, ILL
500 ## - GENERAL NOTE
General note INCLUDES INDEX
650 ## - SUBJECT ADDED ENTRY--TOPICAL TERM
Topical term or geographic name entry element Strategic planning
700 ## - ADDED ENTRY--PERSONAL NAME
Personal name ROBINSON RICHARD B
942 ## - ADDED ENTRY ELEMENTS (KOHA)
Koha item type Short Loan Book
Source of classification or shelving scheme Library of Congress Classification
Suppress in OPAC No
Holdings
Withdrawn status Lost status Source of classification or shelving scheme Damaged status Not for loan Collection Home library Current library Shelving location Date acquired Inventory number Total checkouts Full call number Barcode Date last seen Copy number Price effective from Koha item type
    Library of Congress Classification     Reserve Kisii University Library Kisii University Library On Display 09/15/2023 0090   HD 30.28 .P 43 2007 000000001600 09/15/2023 1 09/15/2023 Short Loan Book
    Library of Congress Classification     Business & Economics Kisii University Library Kisii University Library On Display 09/15/2023 60091   HD 30.28 .P 43 2007   09/15/2023   09/15/2023 Long Loan Book
    Library of Congress Classification     Business & Economics Kisii University Library Kisii University Library On Display 09/15/2023     HD 30.28 .P 43 2007 1882 09/15/2023   09/15/2023 Long Loan Book